Vista normal
Vista MARC
- Noble, Roberto Jorge,
Entrada Nombre personal
Número de registros utilizados en: 6
001 - NÚMERO DE CONTROL
- campo de control: 8916
003 - IDENTIFICADOR DEL NÚMERO DE CONTROL
- campo de control: AR-BaAGN
005 - FECHA Y HORA DE LA ÚLTIMA TRANSACCIÓN
- campo de control: 20250114145545.0
008 - ELEMENTOS DE DATO DE LONGITUD-FIJA
- campo de control de longitud fija: nn ac|nnaabn a aaa d
040 ## - FUENTE DE CATALOGACIÓN
- Centro catalogador/agencia de origen: AR-BaAGN
- Lengua de catalogación: spa
- Normas de descripción: aacr
100 1# - ENCABEZAMIENTO-NOMBRE DE PERSONA
- Nombre de persona: Noble, Roberto Jorge,
- Fechas asociadas al nombre: 1902-1969
370 ## - LUGAR ASOCIADO
- Lugar de nacimiento: Buenos Aires
- Lugar de fallecimiento: Villa del Totoral
374 ## - OCUPACIÓN
- Ocupación: Políticos
374 ## - OCUPACIÓN
- Ocupación: Periodistas
374 ## - OCUPACIÓN
- Ocupación: Empresarios
